| 000 | 00434nam a22001817a 4500 | ||
|---|---|---|---|
| 003 | OSt | ||
| 005 | 20260424103451.0 | ||
| 008 | 260424b |||||||| |||| 00| 0 eng d | ||
| 020 | _a9789350514641 | ||
| 082 | _a658.3 RAO | ||
| 100 | _aRAO, V.S.P. | ||
| 245 | _aOrganizational Behaviour | ||
| 250 | _aReprint | ||
| 260 |
_aMumbai, _bHimalaya Publishing House, _c2025, |
||
| 300 | _a380 p. | ||
| 650 | _aCommerce, | ||
| 942 |
_2ddc _cBK |
||
| 999 |
_c13915 _d13915 |
||